000 00295nam a22001337a 4500
008 180220b xxu||||| |||| 00| 0 eng d
020 _a9780075577348
041 _aeng
080 _a371
100 _a46
101 _aEDU
245 _aA Rhetoric of Argument
_cFahnestock, J
942 _2udc
_cBK
999 _c42910
_d42910